000 00417pab a2200169 454500
008 180718b2007 xxu||||| |||| 00| 0 eng d
100 _aPathak, Dev N.
245 _aImplications of unimaginative politics
260 _c2007
300 _ap.10-12.
362 _a22 Jun
650 _aIndia - Politics and government
650 _aPolitics and government
773 _aMainstream
908 _aN
909 _a74586
999 _c74586
_d74586